President C.K. Chiang (Record no. 150942)
[ view plain ]
| 000 -LEADER | |
|---|---|
| campo de control de longitud fija | 00469nam a2200157 i 4500 |
| 001 - NÚMERO DE CONTROL | |
| campo de control | 150942 |
| 003 - IDENTIFICADOR DE NÚMERO DE CONTROL | |
| campo de control | ES-MaACL |
| 005 - FECHA Y HORA DE LA ÚLTIMA TRANSACCIÓN | |
| campo de control | 20230906203753.0 |
| 007 - CAMPO FIJO DE DESCRIPCIÓN FÍSICA--INFORMACIÓN GENERAL | |
| campo de control de longitud fija | t| |
| 008 - DATOS DE LONGITUD FIJA--INFORMACIÓN GENERAL | |
| campo de control de longitud fija | 071121s1978 cc ||||1| eng d |
| 100 1# - ENTRADA PRINCIPAL--NOMBRE DE PERSONA | |
| Nombre de persona | Chiang, Ching-kuo. |
| 9 (RLIN) | 38455 |
| 245 10 - MENCIÓN DEL TÍTULO | |
| Título | President C.K. Chiang |
| Resto del título | : man of the people / |
| Mención de responsabilidad, etc. | Ching-Kuo Chiang. |
| 260 ## - PUBLICACIÓN, DISTRIBUCIÓN, ETC. | |
| Lugar de publicación, distribución, etc. | [Taipei : |
| Nombre del editor, distribuidor, etc. | China Publishing C.O., |
| Fecha de publicación, distribución, etc. | 1978?] |
| 300 ## - DESCRIPCIÓN FÍSICA | |
| Extensión | 59 p., 14 lám. col. ; |
| Dimensiones | 29 cm. |
| 852 ## - LOCALIZACIÓN | |
| Ubicación | ES-MaACL |
| Número de control de estantería | A-9397 |
| Sublocalización o colección | R.98896 |
| Estatus retirado | Estado de pérdida | Estado de daño | No para préstamo | Biblioteca de origen | Biblioteca actual | Ubicación en estantería | Fecha de adquisición | Fuente de adquisición | Total de préstamos | Signatura topográfica completa | Código de barras | Visto por última vez | Precio de reemplazo | Tipo de ítem Koha |
|---|---|---|---|---|---|---|---|---|---|---|---|---|---|---|
| Biblioteca del Ateneo de Madrid | Biblioteca del Ateneo de Madrid | Depósito 1 | 17/01/2008 | A-9397 | 1157506 | 23/02/2023 | 23/02/2023 | Libro impreso |
